| 000 | 00748cab a2200265 4500 | ||
|---|---|---|---|
| 001 | ABS53374 | ||
| 008 | 090401t1995 xxu||||| |||| 00| 0 eng d | ||
| 035 | _a(Sirsi) u3804 | ||
| 041 | _aeng | ||
| 100 | _aCatt, R. | ||
| 245 | _aRepairing railings | ||
| 260 | _c1995 | ||
| 350 | _a0 | ||
| 490 |
_aMortgage Finance _v127 (1554) September 1995, 56 |
||
| 520 | _aDiscusses procedures for undertaking a survey of iron railings Focuses in particular on the repair of railings. | ||
| 650 | _aCAST IRON | ||
| 650 | _aCORROSION | ||
| 650 | _aIRON RAILINGS | ||
| 650 | _aIRONWORK | ||
| 650 | _aREPAIRS | ||
| 650 | _aWROUGHT IRON RAILINGS | ||
| 690 | _aBUILDING AND CONSTRUCTION-REPAIRS AND MAINTENANCE | ||
| 942 | _n0 | ||
| 948 | _c04/03/1997 | ||
| 999 |
_c2310 _d2310 |
||